[Event "Berlin Lichtenberger op 7th"]
[Site "Berlin"]
[Date "2008.08.23"]
[Round "8"]
[White "Schneider, Eckehard"]
[Black "Winter, Juergen"]
[Result "1-0"]
[WhiteElo "1802"]
[BlackElo "1416"]
[PlyCount "131"]
[EventDate "2008.08.16"]
[EventType "swiss"]
[EventRounds "9"]
[EventCountry "GER"]
[SourceTitle "CBM 126 Extra"]
[Source "ChessBase"]
[SourceDate "2008.11.05"]
[SourceVersion "1"]
[SourceVersionDate "2008.11.05"]
[SourceQuality "1"]

1. e4 e5 2. Nf3 Nc6 3. d4 exd4 4. Nxd4 Nxd4 5. Qxd4 d6 6. Nc3 a6 7. Be2 Bd7 8. 0-0 Qf6 9. Qd3 Ne7 10. b3 Ng6 11. f4 c6 12. Be3 Qd8 13. Na4 c5 14. Nc3 Bc6 15. Nd5 Be7 16. c4 0-0 17. Rad1 Bxd5 18. Qxd5 Qc7 19. Rf3 Qc6 20. Qd3 Rad8 21. Rh3 h6 22. g3 Qd7 23. Kg2 a5 24. Bxc5 Qc6 25. Bd4 Rfe8 26. Bf3 Qc7 27. Qc3 Bf8 28. Rh5 b6 29. Rb5 Rb8 30. Qe3 Ne7 31. Bxb6 Qc8 32. Qd2 Nc6 33. Bxa5 Rxb5 34. cxb5 Nxa5 35. Rc1 Qd8 36. b4 Nb7 37. Qd5 Qe7 38. a4 Nd8 39. a5 Qf6 40. Rc2 Ne6 41. Rc4 Qb2+ 42. Kh3 Qa1 43. b6 Qf1+ 44. Bg2 Nxf4+ 45. gxf4 Qxf4 46. Qf5 Qe3+ 47. Qf3 Qg5 48. Rc7 Qg6 49. b7 Qe6+ 50. Qf5 Qb3+ 51. Bf3 g6 52. Qf4 Qe6+ 53. Kg2 Qa2+ 54. Kg3 Qe6 55. a6 d5 56. Qxf7+ Qxf7 57. Rxf7 Kxf7 58. a7 Bd6+ 59. Kh3 d4 60. a8Q d3 61. Qa2+ Re6 62. Bg4 Bb8 63. Qxe6+ Kf8 64. Qc8+ Ke7 65. Qxb8 Kf6 66. e5+ 1-0

[Event "Berlin Lichtenberger op 7th"]
[Site "Berlin"]
[Date "2008.08.21"]
[Round "6"]
[White "Sawlin, Leonid"]
[Black "Winter, Juergen"]
[Result "1/2-1/2"]
[WhiteElo "1872"]
[BlackElo "1416"]
[PlyCount "75"]
[EventDate "2008.08.16"]
[EventType "swiss"]
[EventRounds "9"]
[EventCountry "GER"]
[SourceTitle "CBM 126 Extra"]
[Source "ChessBase"]
[SourceDate "2008.11.05"]
[SourceVersion "1"]
[SourceVersionDate "2008.11.05"]
[SourceQuality "1"]

1. e4 Nc6 2. d4 d5 3. e5 Bf5 4. c3 e6 5. h4 h5 6. Be2 Bg6 7. Be3 Be7 8. g3 f6 9. f4 Qd7 10. Nf3 Nh6 11. exf6 gxf6 12. Nbd2 Ng4 13. Nf1 Bd6 14. Qd2 Ne7 15. 0-0-0 0-0-0 16. N3h2 Nxe3 17. Qxe3 Nf5 18. Qf2 Rde8 19. Ne3 Qa4 20. Bd3 Qxa2 21. Nxf5 Qa1+ 22. Kc2 Qa4+ 23. Kc1 Bxf5 24. Bxf5 exf5 25. Nf3 Re7 26. Rhe1 Rhe8 27. Rxe7 Rxe7 28. Re1 Qa1+ 29. Kc2 Rxe1 30. Nxe1 Qa4+ 31. Kc1 Qe8 32. Kd2 Qe4 33. Qe2 Qxe2+ 34. Kxe2 b6 35. Nc2 a5 36. Ne3 c6 37. Nxf5 Bf8 38. Ne3 1/2-1/2

[Event "Berlin Lichtenberger op 7th"]
[Site "Berlin"]
[Date "2008.08.16"]
[Round "1"]
[White "Winter, Juergen"]
[Black "Schueler, Wolfgang"]
[Result "0-1"]
[WhiteElo "1416"]
[BlackElo "2061"]
[PlyCount "162"]
[EventDate "2008.08.16"]
[EventType "swiss"]
[EventRounds "9"]
[EventCountry "GER"]
[SourceTitle "CBM 126 Extra"]
[Source "ChessBase"]
[SourceDate "2008.11.05"]
[SourceVersion "1"]
[SourceVersionDate "2008.11.05"]
[SourceQuality "1"]

1. e4 e5 2. Nf3 Nc6 3. Bc4 Bc5 4. c3 Nf6 5. d3 d6 6. h3 Qe7 7. b4 Bb6 8. Qe2 a6 9. a4 Be6 10. Nbd2 Ba7 11. Bxe6 Qxe6 12. Ng5 Qe7 13. Nc4 h6 14. Nf3 0-0 15. 0-0 Nh5 16. Be3 Bxe3 17. Qxe3 Nf4 18. d4 Ng6 19. d5 Na7 20. Ncd2 Qd7 21. c4 f5 22. exf5 Qxf5 23. Qe4 Nf4 24. Qxf5 Rxf5 25. Kh2 Nd3 26. b5 Nc5 27. g3 Raf8 28. Kg2 a5 29. Nh4 R5f6 30. Kg1 Nc8 31. Ng2 Nb6 32. Ne3 Nbxa4 33. f3 b6 34. Kg2 Nb2 35. Ne4 Nxe4 36. fxe4 Rxf1 37. Rxf1 Rxf1 38. Kxf1 Nd3 39. Ke2 Nc5 40. Kf3 a4 41. Nc2 Kf7 42. g4 Kf6 43. h4 Nd3 44. Ke3 Nf4 45. Kf3 Kg6 46. Na3 Nd3 47. Ke2 Nc5 48. Ke3 Nb3 49. Nc2 Kf6 50. Na3 Nc5 51. Nc2 Nd7 52. Na3 Nf8 53. Kf3 Ng6 54. Kg3 Nf4 55. Kf3 Nd3 56. Nc2 Nc5 57. Na3 Nb3 58. Ke3 Nd4 59. Kf2 Kg6 60. Ke3 h5 61. g5 Nb3 62. Nc2 Na5 63. Na3 Nb7 64. Nc2 Nd8 65. Na3 Nf7 66. Nb1 Nxg5 67. hxg5 Kxg5 68. Kf3 h4 69. Nc3 a3 70. Na2 Kh5 71. Nc3 g5 72. Na2 g4+ 73. Kg2 Kg5 74. Nc3 Kf4 75. Kf2 h3 76. Kg1 g3 77. Kf1 Ke3 78. Kg1 Kf3 79. Kh1 Ke3 80. Kg1 Kd3 81. Na2 Kxc4 0-1

[Event "Berlin Lichtenberger Sommer 2nd"]
[Site "Berlin"]
[Date "2003.08.22"]
[Round "7.59"]
[White "Durth, Konrad"]
[Black "Winter, Juergen"]
[Result "0-1"]
[WhiteElo "1816"]
[BlackElo "1420"]
[PlyCount "20"]
[EventDate "2003.08.16"]
[EventType "swiss"]
[EventRounds "9"]
[EventCountry "GER"]
[SourceTitle "EXT 2022"]
[Source "ChessBase"]
[SourceDate "2021.10.06"]
[SourceVersion "1"]
[SourceVersionDate "2021.10.06"]
[SourceQuality "1"]

1. e4 e5 2. f4 exf4 3. Nf3 Nc6 4. d4 d5 5. e5 g5 6. h4 Bh6 7. hxg5 Bxg5 8. Rh5 Bh6 9. Bb5 Bg4 10. Qd3 Bxh5 0-1

[Event "Berlin Lichtenberger Sommer 2nd"]
[Site "Berlin"]
[Date "2003.08.21"]
[Round "6.44"]
[White "Winter, Juergen"]
[Black "Korell, Klaus Peter"]
[Result "0-1"]
[WhiteElo "1420"]
[BlackElo "1858"]
[PlyCount "50"]
[EventDate "2003.08.16"]
[EventType "swiss"]
[EventRounds "9"]
[EventCountry "GER"]
[SourceTitle "EXT 2022"]
[Source "ChessBase"]
[SourceDate "2021.10.06"]
[SourceVersion "1"]
[SourceVersionDate "2021.10.06"]
[SourceQuality "1"]

1. e4 e6 2. Nf3 d5 3. exd5 exd5 4. d4 Bd6 5. Nc3 Ne7 6. Bd3 Nbc6 7. a3 a6 8. 0-0 Bg4 9. h3 Bxf3 10. Qxf3 Nxd4 11. Qg4 Ne6 12. Re1 c6 13. Bd2 Qc7 14. Re2 0-0-0 15. Bf5 Nxf5 16. Qxf5 Kb8 17. b4 Nd4 18. Qd3 Nxe2+ 19. Nxe2 Rde8 20. Nd4 Re4 21. c4 Rxd4 22. Qxd4 Be5 23. Qd3 Bxa1 24. cxd5 Rd8 25. Qf5 Be5 0-1

[Event "Berlin Lichtenberger Sommer 2nd"]
[Site "Berlin"]
[Date "2003.08.19"]
[Round "4.45"]
[White "Winter, Juergen"]
[Black "Mueller, Ulrich"]
[Result "0-1"]
[WhiteElo "1420"]
[BlackElo "1853"]
[PlyCount "66"]
[EventDate "2003.08.16"]
[EventType "swiss"]
[EventRounds "9"]
[EventCountry "GER"]
[SourceTitle "EXT 2022"]
[Source "ChessBase"]
[SourceDate "2021.10.06"]
[SourceVersion "1"]
[SourceVersionDate "2021.10.06"]
[SourceQuality "1"]

1. c4 Nf6 2. Nc3 e6 3. g3 c5 4. Bg2 Nc6 5. e4 d6 6. d3 g6 7. Nge2 Bg7 8. 0-0 0-0 9. Be3 Ng4 10. Qd2 Nxe3 11. fxe3 Bd7 12. Rad1 Ne5 13. b3 Bc6 14. d4 Ng4 15. d5 exd5 16. exd5 Bd7 17. e4 Qe7 18. Rde1 Rae8 19. h3 Ne5 20. Nc1 a6 21. a4 Bc8 22. Nd3 Bd7 23. Re2 Nxd3 24. Qxd3 Qe5 25. Nd1 f5 26. Kh2 f4 27. gxf4 Rxf4 28. Rxf4 Qxf4+ 29. Kg1 Rf8 30. Rf2 Bd4 31. Qe2 Qc1 32. Kh2 Rxf2 33. Nxf2 Be5# 0-1

[Event "Berlin Lichtenberger Sommer 2nd"]
[Site "Berlin"]
[Date "2003.08.18"]
[Round "3.22"]
[White "Koenig, Peter"]
[Black "Winter, Juergen"]
[Result "1-0"]
[WhiteElo "1971"]
[BlackElo "1420"]
[PlyCount "95"]
[EventDate "2003.08.16"]
[EventType "swiss"]
[EventRounds "9"]
[EventCountry "GER"]
[SourceTitle "EXT 2022"]
[Source "ChessBase"]
[SourceDate "2021.10.06"]
[SourceVersion "1"]
[SourceVersionDate "2021.10.06"]
[SourceQuality "1"]

1. e4 e5 2. Nf3 Nf6 3. Bd3 Nc6 4. 0-0 d6 5. c3 Bg4 6. Qe2 Be7 7. Bc2 h6 8. Rd1 Qd7 9. d4 0-0 10. d5 Nd8 11. Nbd2 c6 12. dxc6 bxc6 13. Nc4 Qc7 14. Ne3 Ne6 15. Nxg4 Nxg4 16. h3 Nf6 17. Nh4 Nh7 18. Nf5 Rad8 19. Bb3 Bg5 20. g3 Bxc1 21. Raxc1 Nf6 22. h4 Kh7 23. Qf3 h5 24. Ne3 Rd7 25. Rd2 Qd8 26. Rcd1 Nc5 27. Bc2 a5 28. Nc4 Nb7 29. Nxe5 dxe5 30. Rxd7 Nxd7 31. Qf5+ g6 32. Qxd7 Qxd7 33. Rxd7 Nd8 34. Bb3 Kg7 35. Ra7 Kf6 36. Rxa5 Ne6 37. Ra6 Rc8 38. Bxe6 Kxe6 39. Kg2 Rc7 40. Kf3 Kd6 41. Ke3 Rd7 42. b4 Rb7 43. a3 f6 44. Kd3 f5 45. f3 fxe4+ 46. fxe4 Rb8 47. c4 Rf8 48. b5 1-0